000 01188nam0a22002891 4500
001 rc\4320816
005 20130416131934.1
021 _aRU
_b[64-69045]
035 _a(NLR Aleph) 008511976
090 _a8174539
_c8174539
100 _a20130416d1964 |||y0rusy50 ca
101 0 _arus
102 _aRU
105 _aa z |||||
200 1 _aВ высший класс
_e[Опыт работы бригады отделочников треста "Кузнецкжилстрой"
_fЛит. запись П. Ворошилова]
210 _aКемерово
_cКн. изд-во
_d1964
215 _a19 с.
_cил.
_d16
225 1 _aОпыт маяков - всем!
606 _aМалярные работы
_xОрганизация труда
_2psbo
606 _aБригады, ударники и коллективы коммунистического труда в строительстве
_yКемеровская область
_2psbo
700 1 _aГорцеску
_bФ. Г.
_gФилипп Григорьевич
702 1 _aВорошилов
_bП.
_4570
801 0 _aRU
_bNLR
_gpsbo
801 1 _aRU
_bELAR
_2rusmarc
852 _aNLR
_j64-2/2633
942 _cBOOK
980 _aNB